Statistiques sur les français - Statistiques

Statistiques générales
  • Ce quiz a été pris 406 fois
  • Le résultat moyen est 4 sur 15
Statistiques - réponses
Question Réponse % Correct
Quel est le nom de famille le plus porté en France ? Martin
43%
Selon vous, quel est le pourcentage de français qui ne se lavent pas tous les jours ? 25%
39%
En moyenne, combien de fois par semaine les français copulent-ils ? 2 à 3 fois
39%
Quelle est la position sexuelle préférée des français ? Levrette
38%
Combien de fois par jour les français pètent-ils en moyenne ? 18 fois
35%
Quel est le pourcentage d'immigrés en France en 2023 ? 10%
34%
Quelle est la part de la population musulmane en France métropolitaine parmi la population totale (chiffres de 2023) ? 10%
30%
Quelle est la part de micro-pénis chez les hommes en France ? Entre 1 et 3%
30%
Sentiment d'insécurité de la population dans son quartier ou son village, en France en 2019 (hommes et femmes confondus) 11% se sent en insécurité
28%
Quelle est la part de LGBT en France parmi la population totale (chiffres de 2023) ? 3%
27%
Combien de temps passent les français quotidiennement à lire ? Moins de 5min
24%
Combien d'hommes sont satisfaits de la taille de leur sexe ? 45%
23%
Quelle est la catégorie de site pour adultes préférée des français ? Beurette
22%
Combien représente la dépense publique française par rapport au PIB fin 2022 ? 58% du PIB
17%
Combien de français se lavent les mains avec de l'eau et du savon après être allés aux toilettes ? 62%
17%
Aucun quiz correspondant
Distribution des résultats
% des personnes avec chaque résultat
Percentile par nombre de réponses
Votre historique - résultats
Vous n’avez pas pris ce quiz